[Event "Hastings Premier 1985/86 61st"]
[Site "Hastings"]
[Date "1986.01.01"]
[Round "5"]
[White "Balashov, Yuri S"]
[Black "Rukavina, Josip"]
[Result "1-0"]
[WhiteElo "2510"]
[BlackElo "2510"]
[PlyCount "113"]
[EventDate "1985.12.28"]
[EventType "tourn"]
[EventRounds "13"]
[EventCountry "ENG"]
[EventCategory "9"]
[SourceTitle "BritBase"]
[Source "John Saunders"]
[SourceDate "2024.12.03"]
[SourceVersion "1"]
[SourceVersionDate "2024.12.03"]
[SourceQuality "1"]

1. e4 e5 2. Bc4 Nf6 3. d3 Nc6 4. Nc3 Na5 5. Nge2 Be7 6. Ng3 d6 7. O-O O-O 8. h3 c6 9. Bb3 Nxb3 10. axb3 Be6 11. f4 exf4 12. Bxf4 d5 13. Qf3 Qd7 14. Kh2 Kh8 15. Be5 dxe4 16. dxe4 b6 17. Rad1 Qb7 18. Nce2 Rad8 19. Nd4 c5 20. Ndf5 Rxd1 21. Rxd1 Bxf5 22. Nxf5 Re8 23. Kg1 Bf8 24. Nxg7 Rxe5 25. Qxf6 Qe7 26. Qxe7 Bxe7 27. Nf5 Rxe4 28. Rd7 Bf8 29. Rxf7 Kg8 30. Rxa7 Re1+ 31. Kf2 Rc1 32. Ne3 Bh6 33. c3 Bxe3+ 34. Kxe3 Rc2 35. Rb7 Rxg2 36. Rxb6 Rg3+ 37. Kf4 Rxh3 38. Rb5 Kf7 39. Rxc5 Ke6 40. b4 Kd6 41. Kg4 Rh2 42. Rh5 Rxb2 43. Rh6+ Kd5 44. Rxh7 Rf2 45. Rc7 Kd6 46. Rc5 Rf1 47. c4 Rb1 48. Rd5+ Kc7 49. b5 Rf1 50. Rf5 Rc1 51. Rc5+ Kd6 52. Rc6+ Kd7 53. Kf5 Re1 54. c5 Rb1 55. Rd6+ Kc7 56. b6+ Kb7 57. Rd7+ 1-0

[Event "Hastings Premier 1985/86 61st"]
[Site "Hastings"]
[Date "1986.01.01"]
[Round "5"]
[White "Conquest, Stuart C"]
[Black "Hjartarson, Johann"]
[Result "1/2-1/2"]
[WhiteElo "2345"]
[BlackElo "2505"]
[PlyCount "122"]
[EventDate "1985.12.28"]
[EventType "tourn"]
[EventRounds "13"]
[EventCountry "ENG"]
[EventCategory "9"]
[SourceTitle "BritBase"]
[Source "John Saunders"]
[SourceDate "2024.12.03"]
[SourceVersion "1"]
[SourceVersionDate "2024.12.03"]
[SourceQuality "1"]

1. d4 Nf6 2. c4 e6 3. g3 c5 4. d5 exd5 5. cxd5 d6 6. Bg2 g6 7. Nf3 Bg7 8. O-O O-O 9. Nc3 a6 10. a4 Nbd7 11. Bf4 Qc7 12. Qd2 Re8 13. h3 c4 14. Bh6 Bh8 15. Qc2 Nc5 16. Nd2 Ncd7 17. e4 Rb8 18. Be3 b6 19. Na2 b5 20. Nb4 Bb7 21. a5 Rbc8 22. Ra3 Bg7 23. Kh1 Nc5 24. f4 Qe7 25. Bxc5 Rxc5 26. Nc6 Qc7 27. Nb4 Qe7 28. Kh2 Rcc8 29. Raa1 c3 30. bxc3 Rxc3 31. Qd1 Qc7 32. Nc6 Nh5 33. Bf3 Bxc6 34. dxc6 Rxf3 35. Rxf3 Bxa1 36. Qxa1 Qxc6 37. Rc3 Qd7 38. Rd3 Qe6 39. Qa3 Rd8 40. e5 d5 41. Qc5 Rc8 42. Qd4 Rc2 43. g4 Ng7 44. Kg3 h6 45. Nf3 Rc4 46. Qxd5 Qxd5 47. Rxd5 Ne6 48. f5 gxf5 49. gxf5 Ng7 50. e6 fxe6 51. fxe6 Nxe6 52. Rd6 Nc5 53. Rxh6 b4 54. Rb6 b3 55. Kf2 b2 56. Ke2 Na4 57. Rb8+ Kg7 58. Nd2 Rc5 59. Rb7+ Kh6 60. Rb4 Rxa5 61. Kd3 Rd5+ 1/2-1/2

[Event "Hastings Premier 1985/86 61st"]
[Site "Hastings"]
[Date "1986.01.01"]
[Round "5"]
[White "Cramling, Pia"]
[Black "Greenfeld, Alon"]
[Result "0-1"]
[WhiteElo "2420"]
[BlackElo "2480"]
[PlyCount "117"]
[EventDate "1985.12.28"]
[EventType "tourn"]
[EventRounds "13"]
[EventCountry "ENG"]
[EventCategory "9"]
[SourceTitle "BritBase"]
[Source "John Saunders"]
[SourceDate "2024.12.03"]
[SourceVersion "1"]
[SourceVersionDate "2024.12.03"]
[SourceQuality "1"]

1. Nf3 c5 2. c4 Nf6 3. Nc3 e6 4. e3 d5 5. d4 a6 6. cxd5 exd5 7. Be2 Bd6 8. dxc5 Bxc5 9. O-O Nc6 10. b3 O-O 11. Bb2 Re8 12. Rc1 Ba7 13. Na4 Ne4 14. Nd4 Qd6 15. Nxc6 bxc6 16. Bf3 Ng5 17. Bd4 Bxd4 18. exd4 Ra7 19. Rc3 Rae7 20. Nc5 Qg6 21. Bh5 Qf6 22. b4 g6 23. Bf3 h5 24. Nb3 a5 25. b5 Nxf3+ 26. Rxf3 Qd6 27. Rc3 cxb5 28. Nxa5 Qb4 29. Qc1 Qxa5 30. Rxc8 Qxa2 31. Rxe8+ Rxe8 32. Qc6 Rb8 33. h4 b4 34. Re1 Qa8 35. Qf6 Re8 36. Rb1 Qb7 37. Rb3 Re6 38. Qf4 Kg7 39. g3 Re1+ 40. Kh2 Qe7 41. Rb2 Re2 42. Rb1 Rc2 43. Kg1 Qe2 44. Kg2 Rc4 45. Qe5+ Qxe5 46. dxe5 Kf8 47. Rd1 Rc5 48. Rb1 Rb5 49. Rb3 Ke7 50. f4 Kd7 51. Kf3 Kc6 52. g4 hxg4+ 53. Kxg4 d4 54. f5 Kd5 55. Kf4 gxf5 56. h5 Rb6 57. h6 Kc4 58. Rh3 Rb8 59. h7 0-1

[Event "Hastings Premier 1985/86 61st"]
[Site "Hastings"]
[Date "1986.01.01"]
[Round "5"]
[White "Fedorowicz, John P"]
[Black "Watson, William Nicholas"]
[Result "1/2-1/2"]
[WhiteElo "2515"]
[BlackElo "2435"]
[PlyCount "136"]
[EventDate "1985.12.28"]
[EventType "tourn"]
[EventRounds "13"]
[EventCountry "ENG"]
[EventCategory "9"]
[SourceTitle "BritBase"]
[Source "John Saunders"]
[SourceDate "2024.12.03"]
[SourceVersion "1"]
[SourceVersionDate "2024.12.03"]
[SourceQuality "1"]

1. d4 Nf6 2. c4 g6 3. Nc3 Bg7 4. e4 O-O 5. Be2 d6 6. Bg5 h6 7. Be3 c5 8. d5 e6 9. Qd2 exd5 10. cxd5 Re8 11. f3 Nh7 12. h4 h5 13. g4 hxg4 14. h5 Nd7 15. hxg6 fxg6 16. O-O-O b5 17. Bh6 Bh8 18. Bxb5 Rb8 19. Bxd7 Bxd7 20. Nge2 Qa5 21. Bf4 gxf3 22. Rdg1 Nf8 23. Rxh8+ Kxh8 24. Bxd6 Rb6 25. Qh6+ Kg8 26. Rxg6+ Nxg6 27. Qxg6+ Kh8 28. Qh5+ Kg8 29. Qxf3 Qa6 30. Qg3+ Kf7 31. Bxc5 Rg6 32. Qe3 Kg8 33. e5 Bg4 34. Ng3 Qa5 35. e6 Bxe6 36. dxe6 Rgxe6 37. Qg5+ Kf7 38. Qf5+ Kg8 39. Qd5 Kh7 40. b4 Qc7 41. Qh5+ Kg8 42. Qg4+ Kh7 43. Nge4 Qg7 44. Qxg7+ Kxg7 45. Nd6 Rd8 46. Nce4 Kg6 47. Kc2 a5 48. b5 Re5 49. Ba3 Rb8 50. Nc3 Kf6 51. Nde4+ Kf5 52. Nc5 Rc8 53. b6 Rc6 54. N3a4 Ree6 55. b7 Re8 56. Bb2 Rb8 57. Bc3 Rc7 58. Kd3 Rcxb7 59. Nxb7 Rxb7 60. Kc4 Rb1 61. Bxa5 Ke6 62. Bb4 Kd7 63. Kb5 Kc7 64. Nc3 Rc1 65. Ne4 Rh1 66. Ba5+ Kb8 67. Bb6 Rb1+ 68. Kc6 Ra1 1/2-1/2

[Event "Hastings Premier 1985/86 61st"]
[Site "Hastings"]
[Date "1986.01.01"]
[Round "5"]
[White "Formanek, Edward W"]
[Black "Mikhalchishin, Adrian"]
[Result "0-1"]
[WhiteElo "2350"]
[BlackElo "2505"]
[PlyCount "82"]
[EventDate "1985.12.28"]
[EventType "tourn"]
[EventRounds "13"]
[EventCountry "ENG"]
[EventCategory "9"]
[SourceTitle "BritBase"]
[Source "John Saunders"]
[SourceDate "2024.12.03"]
[SourceVersion "1"]
[SourceVersionDate "2024.12.03"]
[SourceQuality "1"]

1. d4 Nf6 2. c4 g6 3. Nc3 d5 4. Nf3 Bg7 5. e3 O-O 6. Qb3 e6 7. Be2 b6 8. O-O Bb7 9. Rd1 Nbd7 10. Bd2 c5 11. Be1 Qe7 12. cxd5 Nxd5 13. Nxd5 Bxd5 14. Qa3 Rfc8 15. Rac1 a5 16. Bc3 Bf8 17. dxc5 Nxc5 18. b3 Nxb3 19. Qxe7 Nxc1 20. Qxf8+ Kxf8 21. Rxc1 Bxa2 22. Ng5 f6 23. Ne4 f5 24. Nf6 Ra7 25. Nxh7+ Rxh7 26. Bb4+ Rc5 27. Bxc5+ bxc5 28. Rxc5 Ra7 29. Bc4 Bxc4 30. Rxc4 a4 31. Rc2 a3 32. Ra2 Ke7 33. Kf1 Kd6 34. Ke2 Kc5 35. Kd2 Kb4 36. Kc2 e5 37. h4 e4 38. Kb1 Rd7 39. Kc2 Rc7+ 40. Kb1 Kb3 41. Re2 Rh7 0-1

[Event "Hastings Premier 1985/86 61st"]
[Site "Hastings"]
[Date "1986.01.01"]
[Round "5"]
[White "Petursson, Margeir"]
[Black "Bellon Lopez, Juan Manuel"]
[Result "1-0"]
[WhiteElo "2550"]
[BlackElo "2435"]
[PlyCount "125"]
[EventDate "1985.12.28"]
[EventType "tourn"]
[EventRounds "13"]
[EventCountry "ENG"]
[EventCategory "9"]
[SourceTitle "BritBase"]
[Source "John Saunders"]
[SourceDate "2024.12.03"]
[SourceVersion "1"]
[SourceVersionDate "2024.12.03"]
[SourceQuality "1"]

1. Nf3 d5 2. d4 Nd7 3. c4 dxc4 4. e4 Nb6 5. Bxc4 Nxc4 6. Qa4+ c6 7. Qxc4 Nf6 8. Nc3 Be6 9. Qd3 g6 10. O-O Bg7 11. h3 O-O 12. Bg5 Qb6 13. b3 Rfd8 14. Rfd1 h6 15. Be3 Qa5 16. Rac1 Kh7 17. Na4 Nd7 18. Qe2 b5 19. Nc5 Nxc5 20. Rxc5 Bd7 21. Ne5 Be8 22. Nxc6 Bxc6 23. Rxc6 Rac8 24. Rxc8 Rxc8 25. Qd2 Rc3 26. d5 b4 27. f4 Qc7 28. e5 a5 29. d6 exd6 30. exd6 Qc6 31. d7 Bf6 32. Bf2 Bd8 33. Qe1 Qe6 34. Qxe6 fxe6 35. Rd6 Rc1+ 36. Kh2 Kg7 37. Rxe6 Rd1 38. Re4 Rxd7 39. Rd4 Rxd4 40. Bxd4+ Kf7 41. Kg3 Ke6 42. Kf3 Kd5 43. Ke3 Bc7 44. Bg7 h5 45. g4 hxg4 46. hxg4 Bd6 47. Bh8 Bc7 48. Bf6 Ke6 49. Bd4 Kd5 50. f5 gxf5 51. gxf5 a4 52. bxa4 Bd8 53. Kd3 Kc6 54. Kc4 Be7 55. a5 Kb7 56. Kb5 Ka8 57. Bc5 Bf6 58. Bxb4 Kb7 59. a6+ Ka7 60. Bc5+ Ka8 61. Kc6 Kb8 62. Kd5 Ka8 63. Ke6 1-0

[Event "Hastings Premier 1985/86 61st"]
[Site "Hastings"]
[Date "1986.01.01"]
[Round "5"]
[White "Plaskett, H James"]
[Black "Braga, Fernando Alberto"]
[Result "0-1"]
[WhiteElo "2480"]
[BlackElo "2455"]
[PlyCount "100"]
[EventDate "1985.12.28"]
[EventType "tourn"]
[EventRounds "13"]
[EventCountry "ENG"]
[EventCategory "9"]
[SourceTitle "BritBase"]
[Source "John Saunders"]
[SourceDate "2024.12.03"]
[SourceVersion "1"]
[SourceVersionDate "2024.12.03"]
[SourceQuality "1"]

1. e4 e5 2. Nf3 Nc6 3. Bb5 a6 4. Ba4 Nf6 5. O-O Be7 6. Re1 b5 7. Bb3 O-O 8. a4 b4 9. d4 d6 10. dxe5 Nxe5 11. Nbd2 Bb7 12. Nxe5 dxe5 13. Qf3 Bc5 14. Nf1 Qc8 15. Ng3 Qg4 16. Qd3 Rad8 17. Qf3 Qg6 18. h3 Kh8 19. Nf5 Nxe4 20. Rxe4 Rd4 21. Nxd4 Bxe4 22. Qg4 Bxd4 23. Qxg6 Bxg6 24. Bd2 Bxb2 25. Bxb4 Bxa1 26. Bxf8 Bc3 27. Kf1 Kg8 28. Be7 Bf5 29. Ke2 Ba5 30. g4 Be4 31. h4 c6 32. Bd6 Bc3 33. f3 Bd5 34. Bxd5 cxd5 35. Kd3 Ba1 36. c3 f6 37. f4 exf4 38. Bxf4 Kf7 39. Kc2 Ke6 40. Be3 Ke5 41. g5 fxg5 42. hxg5 Kf5 43. Kb3 Ke4 44. Bd4 h5 45. Bxg7 h4 46. g6 Kf5 47. Be5 Kxg6 48. a5 Kf5 49. Bc7 h3 50. Kc2 Ke4 0-1

[Event "Hastings Premier 1985/86 61st"]
[Site "Hastings"]
[Date "1986.01.03"]
[Round "6"]
[White "Braga, Fernando Alberto"]
[Black "Balashov, Yuri S"]
[Result "1/2-1/2"]
[WhiteElo "2455"]
[BlackElo "2510"]
[PlyCount "45"]
[EventDate "1985.12.28"]
[EventType "tourn"]
[EventRounds "13"]
[EventCountry "ENG"]
[EventCategory "9"]
[SourceTitle "BritBase"]
[Source "John Saunders"]
[SourceDate "2024.12.03"]
[SourceVersion "1"]
[SourceVersionDate "2024.12.03"]
[SourceQuality "1"]

1. e4 e5 2. Nf3 Nc6 3. Bb5 a6 4. Ba4 Nf6 5. O-O Be7 6. Re1 b5 7. Bb3 O-O 8. c3 d6 9. d4 Bg4 10. Be3 Bd7 11. Nbd2 Ng4 12. Nf1 Nxe3 13. Nxe3 Bf6 14. Bd5 Rb8 15. Bxc6 Bxc6 16. dxe5 Bxe5 17. Nxe5 dxe5 18. Qg4 Qf6 19. Rad1 Rbd8 20. Rxd8 Rxd8 21. Rd1 Rxd1+ 22. Qxd1 g6 23. f3 1/2-1/2

[Event "Hastings Premier 1985/86 61st"]
[Site "Hastings"]
[Date "1986.01.03"]
[Round "6"]
[White "Mikhalchishin, Adrian"]
[Black "Cramling, Pia"]
[Result "1-0"]
[WhiteElo "2505"]
[BlackElo "2420"]
[PlyCount "78"]
[EventDate "1985.12.28"]
[EventType "tourn"]
[EventRounds "13"]
[EventCountry "ENG"]
[EventCategory "9"]
[SourceTitle "BritBase"]
[Source "John Saunders"]
[SourceDate "2024.12.03"]
[SourceVersion "1"]
[SourceVersionDate "2024.12.03"]
[SourceQuality "1"]

1. Nf3 c5 2. c4 Nc6 3. g3 g6 4. d4 cxd4 5. Nxd4 Bg7 6. Nc2 d6 7. Bg2 Be6 8. Ne3 Rc8 9. O-O Qd7 10. Nd2 Bh3 11. Nf3 Nf6 12. Rb1 Bxg2 13. Kxg2 O-O 14. b3 Ne4 15. Bb2 Nc3 16. Bxc3 Bxc3 17. h4 h5 18. Qd3 Bg7 19. Rbd1 Rfd8 20. Qe4 e6 21. g4 hxg4 22. Qxg4 Ne7 23. Ng5 Rc5 24. Rd2 Nf5 25. Nxf5 exf5 26. Qg3 Qe7 27. Rfd1 Be5 28. Qe3 Qc7 29. Rd5 Rxd5 30. Rxd5 b6 31. h5 f4 32. Qd3 Qd7 33. Nf3 Qg4+ 34. Kf1 Re8 35. hxg6 fxg6 36. Nxe5 dxe5 37. Rd7 Kh8 38. Qd6 Qh4 39. Ke1 f3 {time} 1-0

[Event "Hastings Premier 1985/86 61st"]
[Site "Hastings"]
[Date "1986.01.03"]
[Round "6"]
[White "Petursson, Margeir"]
[Black "Plaskett, H James"]
[Result "1-0"]
[WhiteElo "2550"]
[BlackElo "2480"]
[PlyCount "113"]
[EventDate "1985.12.28"]
[EventType "tourn"]
[EventRounds "13"]
[EventCountry "ENG"]
[EventCategory "9"]
[SourceTitle "BritBase"]
[Source "John Saunders"]
[SourceDate "2024.12.03"]
[SourceVersion "1"]
[SourceVersionDate "2024.12.03"]
[SourceQuality "1"]

1. Nf3 b6 2. c4 Nf6 3. d4 e6 4. g3 Ba6 5. b3 d5 6. cxd5 exd5 7. Bg2 Bb4+ 8. Bd2 Bd6 9. O-O O-O 10. Nc3 Re8 11. Re1 Bb7 12. Qc2 Na6 13. Rad1 Ne4 14. Ne5 Nb4 15. Qb2 c5 16. Nxe4 dxe4 17. Bxb4 cxb4 18. Nc4 Bc7 19. d5 b5 20. Ne3 Be5 21. Qb1 Bc3 22. Bxe4 Bxe1 23. Rxe1 h6 24. Bf3 Qf6 25. Rd1 Red8 26. h4 Rac8 27. h5 a5 28. Kg2 Qe5 29. Ng4 Qc3 30. Qf5 Re8 31. Be4 Rcd8 32. Rd3 Qb2 33. Qh7+ Kf8 34. Re3 Qd4 35. Kh3 Rd6 36. Bf3 Rxe3 37. Nxe3 g6 38. Qxh6+ Qg7 39. Qf4 Qf6 40. hxg6 Qxf4 41. gxf4 Rxg6 42. f5 Rd6 43. Kg3 a4 44. Kf4 Ra6 45. Nc2 Ra8 46. Ke5 Rc8 47. Be4 f6+ 48. Kd6 Rc3 49. Nd4 Rc1 50. Nc2 Rb1 51. Kc7 Bxd5 52. Bxd5 Rb2 53. Nxb4 Rxe2 54. f3 Re5 55. Be4 axb3 56. axb3 Ke8 57. Nd5 1-0

[Event "Hastings Premier 1985/86 61st"]
[Site "Hastings"]
[Date "1986.01.03"]
[Round "6"]
[White "Rukavina, Josip"]
[Black "Formanek, Edward W"]
[Result "1-0"]
[WhiteElo "2510"]
[BlackElo "2350"]
[PlyCount "81"]
[EventDate "1985.12.28"]
[EventType "tourn"]
[EventRounds "13"]
[EventCountry "ENG"]
[EventCategory "9"]
[SourceTitle "BritBase"]
[Source "John Saunders"]
[SourceDate "2024.12.03"]
[SourceVersion "1"]
[SourceVersionDate "2024.12.03"]
[SourceQuality "1"]

1. Nf3 d5 2. c4 d4 3. b4 a5 4. Bb2 axb4 5. Bxd4 f6 6. Bb2 e5 7. g3 Bc5 8. Qc2 Nc6 9. d3 Nh6 10. Nbd2 Nf5 11. Nb3 Ncd4 12. Nfxd4 Nxd4 13. Qc1 Nxb3 14. axb3 Rxa1 15. Qxa1 c6 16. Bg2 O-O 17. h3 Qb6 18. O-O Rd8 19. g4 Be6 20. Qd1 Ra8 21. e3 Bf7 22. d4 exd4 23. exd4 Bf8 24. Be4 Bg6 25. Qb1 Bxe4 26. Qxe4 Qc7 27. Re1 Qd7 28. Kg2 Ra5 29. Ra1 Rxa1 30. Bxa1 h6 31. Bb2 b6 32. d5 c5 33. Qe6+ Qxe6 34. dxe6 Bd6 35. Kf3 Kf8 36. Ke4 Ke7 37. Kf5 Bh2 38. h4 Bg1 39. g5 fxg5 40. Bxg7 gxh4 41. Bf6+ 1-0

[Event "Hastings Premier 1985/86 61st"]
[Site "Hastings"]
[Date "1986.01.03"]
[Round "6"]
[White "Watson, William Nicholas"]
[Black "Conquest, Stuart C"]
[Result "1-0"]
[WhiteElo "2435"]
[BlackElo "2345"]
[PlyCount "65"]
[EventDate "1985.12.28"]
[EventType "tourn"]
[EventRounds "13"]
[EventCountry "ENG"]
[EventCategory "9"]
[SourceTitle "BritBase"]
[Source "John Saunders"]
[SourceDate "2024.12.03"]
[SourceVersion "1"]
[SourceVersionDate "2024.12.03"]
[SourceQuality "1"]

1. e4 c6 2. d4 d5 3. f3 g6 4. Nc3 Bg7 5. Be3 dxe4 6. fxe4 Nf6 7. Nf3 O-O 8. h3 b5 9. Bd3 Nbd7 10. e5 Nd5 11. Nxd5 cxd5 12. O-O f6 13. Bxb5 Qb6 14. Qd3 Rb8 15. c4 Kh8 16. Rfe1 fxe5 17. dxe5 dxc4 18. Bxc4 Qa5 19. Bd4 Nb6 20. Bb3 Nd5 21. Qd2 Qxd2 22. Nxd2 Nf4 23. Bxa7 Rb7 24. Bd4 Rd7 25. Bc3 Bb7 26. Ne4 Nd3 27. Re3 Rf4 28. Ng5 h6 29. e6 Rdd4 30. Nf7+ Kh7 31. Rg3 Rf2 32. Rd1 Re2 33. Rdxd3 1-0

[Event "Hastings Premier 1985/86 61st"]
[Site "Hastings"]
[Date "1986.01.04"]
[Round "7"]
[White "Balashov, Yuri S"]
[Black "Petursson, Margeir"]
[Result "1/2-1/2"]
[WhiteElo "2510"]
[BlackElo "2550"]
[PlyCount "51"]
[EventDate "1985.12.28"]
[EventType "tourn"]
[EventRounds "13"]
[EventCountry "ENG"]
[EventCategory "9"]
[SourceTitle "BritBase"]
[Source "John Saunders"]
[SourceDate "2024.12.03"]
[SourceVersion "1"]
[SourceVersionDate "2024.12.03"]
[SourceQuality "1"]

1. Nf3 d5 2. d4 e6 3. e3 Nf6 4. Bd3 c5 5. b3 Be7 6. O-O O-O 7. Bb2 Nc6 8. Nbd2 cxd4 9. exd4 Nb4 10. Be2 b6 11. a3 Nc6 12. Bd3 Bb7 13. Re1 Rc8 14. Nf1 Re8 15. Ng3 g6 16. Qe2 Bf8 17. Ne5 Nxe5 18. dxe5 Nd7 19. Rad1 Nc5 20. Bb5 Bc6 21. Bxc6 Rxc6 22. c4 Qc8 23. cxd5 exd5 24. Rxd5 Nxb3 25. Qf3 Nc5 26. Rdd1 1/2-1/2

[Event "Hastings Premier 1985/86 61st"]
[Site "Hastings"]
[Date "1986.01.04"]
[Round "7"]
[White "Cramling, Pia"]
[Black "Rukavina, Josip"]
[Result "1/2-1/2"]
[WhiteElo "2420"]
[BlackElo "2510"]
[PlyCount "79"]
[EventDate "1985.12.28"]
[EventType "tourn"]
[EventRounds "13"]
[EventCountry "ENG"]
[EventCategory "9"]
[SourceTitle "BritBase"]
[Source "John Saunders"]
[SourceDate "2024.12.03"]
[SourceVersion "1"]
[SourceVersionDate "2024.12.03"]
[SourceQuality "1"]

1. d4 Nf6 2. Nf3 d6 3. c4 Nbd7 4. Nc3 c6 5. e4 e5 6. Be2 a6 7. O-O Be7 8. Re1 O-O 9. a3 b5 10. Bg5 Bb7 11. Rc1 Qb8 12. h3 Re8 13. Bf1 Bf8 14. d5 cxd5 15. cxd5 Be7 16. b4 Bc8 17. Nd2 Nb6 18. Be3 Bd7 19. Nb3 Rc8 20. Na5 Ra7 21. Bd3 Rac7 22. Qb3 Bd8 23. Rc2 Na4 24. Rec1 Nxc3 25. Rxc3 Rxc3 26. Rxc3 Bxa5 27. bxa5 Rxc3 28. Qxc3 Qc8 29. Qxc8+ Bxc8 30. Kf1 Nd7 31. Ke2 Kf8 32. Kd2 Nc5 33. Bc2 Ke7 34. Kc3 g6 35. Kb4 Na4 36. Bxa4 bxa4 37. f4 f6 38. fxe5 fxe5 39. Bg5+ Kf7 40. Kc3 1/2-1/2

[Event "Hastings Premier 1985/86 61st"]
[Site "Hastings"]
[Date "1986.01.04"]
[Round "7"]
[White "Formanek, Edward W"]
[Black "Braga, Fernando Alberto"]
[Result "0-1"]
[WhiteElo "2350"]
[BlackElo "2455"]
[PlyCount "48"]
[EventDate "1985.12.28"]
[EventType "tourn"]
[EventRounds "13"]
[EventCountry "ENG"]
[EventCategory "9"]
[SourceTitle "BritBase"]
[Source "John Saunders"]
[SourceDate "2024.12.03"]
[SourceVersion "1"]
[SourceVersionDate "2024.12.03"]
[SourceQuality "1"]

1. d4 d5 2. c4 e6 3. Nc3 Nf6 4. Bg5 Bb4 5. Qa4+ Nc6 6. e3 h6 7. Bxf6 Qxf6 8. Nf3 O-O 9. Rc1 Rd8 10. cxd5 exd5 11. Bb5 Bf8 12. Bxc6 bxc6 13. O-O a5 14. Nb1 Ra6 15. Nbd2 Bf5 16. Ne5 Rb8 17. e4 dxe4 18. Rxc6 Rxc6 19. Nxc6 Bd7 20. d5 Bxc6 21. dxc6 Qxb2 22. Nb3 Bb4 23. g3 e3 24. fxe3 Qe2 0-1

[Event "Hastings Premier 1985/86 61st"]
[Site "Hastings"]
[Date "1986.01.04"]
[Round "7"]
[White "Hjartarson, Johann"]
[Black "Watson, William Nicholas"]
[Result "1/2-1/2"]
[WhiteElo "2505"]
[BlackElo "2435"]
[PlyCount "39"]
[EventDate "1985.12.28"]
[EventType "tourn"]
[EventRounds "13"]
[EventCountry "ENG"]
[EventCategory "9"]
[SourceTitle "BritBase"]
[Source "John Saunders"]
[SourceDate "2024.12.03"]
[SourceVersion "1"]
[SourceVersionDate "2024.12.03"]
[SourceQuality "1"]

1. d4 Nf6 2. c4 g6 3. Nf3 Bg7 4. g3 c6 5. Bg2 d5 6. cxd5 cxd5 7. Nc3 Ne4 8. Nxe4 dxe4 9. Ne5 Bxe5 10. dxe5 Qxd1+ 11. Kxd1 Bf5 12. g4 Bxg4 13. Bxe4 Nc6 14. Bxc6+ bxc6 15. f3 O-O-O+ 16. Kc2 Be6 17. Bg5 Rd5 18. Bxe7 Rxe5 19. Bf6 Rc5+ 20. Bc3 1/2-1/2

[Event "Hastings Premier 1985/86 61st"]
[Site "Hastings"]
[Date "1986.01.04"]
[Round "7"]
[White "Plaskett, H James"]
[Black "Bellon Lopez, Juan Manuel"]
[Result "1-0"]
[WhiteElo "2480"]
[BlackElo "2435"]
[PlyCount "63"]
[EventDate "1985.12.28"]
[EventType "tourn"]
[EventRounds "13"]
[EventCountry "ENG"]
[EventCategory "9"]
[SourceTitle "BritBase"]
[Source "John Saunders"]
[SourceDate "2024.12.03"]
[SourceVersion "1"]
[SourceVersionDate "2024.12.03"]
[SourceQuality "1"]

1. e4 c5 2. Nf3 e6 3. Nc3 a6 4. d4 cxd4 5. Nxd4 d6 6. f4 Qc7 7. Be2 Nf6 8. O-O Be7 9. Kh1 O-O 10. a4 Nc6 11. Be3 Re8 12. Bf3 Na5 13. Qd3 Nc4 14. Bc1 Bf8 15. b3 Na5 16. Bb2 Rb8 17. Rae1 Nd7 18. Rd1 Nc6 19. Qc4 Nb6 20. Qd3 Nd7 21. Qc4 Nb6 22. Qe2 Nxd4 23. Rxd4 Bd7 24. e5 Nc8 25. Be4 h6 26. Rd3 Bc6 27. Bxc6 Qxc6 28. Ne4 d5 29. Nf6+ gxf6 30. Rg3+ Kh8 31. exf6 Bg7 32. Rxg7 1-0

[Event "Hastings Premier 1985/86 61st"]
[Site "Hastings"]
[Date "1986.01.05"]
[Round "8"]
[White "Greenfeld, Alon"]
[Black "Hjartarson, Johann"]
[Result "1-0"]
[WhiteElo "2480"]
[BlackElo "2505"]
[PlyCount "55"]
[EventDate "1985.12.28"]
[EventType "tourn"]
[EventRounds "13"]
[EventCountry "ENG"]
[EventCategory "9"]
[SourceTitle "BritBase"]
[Source "John Saunders"]
[SourceDate "2024.12.03"]
[SourceVersion "1"]
[SourceVersionDate "2024.12.03"]
[SourceQuality "1"]

1. Nf3 Nf6 2. c4 e6 3. Nc3 d5 4. d4 Be7 5. Bg5 h6 6. Bh4 O-O 7. e3 b6 8. Rc1 Bb7 9. cxd5 Nxd5 10. Nxd5 Bxd5 11. Bxe7 Qxe7 12. Be2 Rc8 13. O-O c5 14. dxc5 Rxc5 15. Rxc5 Qxc5 16. Qa4 Qc6 17. Bb5 Qb7 18. Ne5 Qc7 19. f4 f6 20. e4 a6 21. Be8 Qc5+ 22. Kh1 b5 23. Bf7+ Kh7 24. Qd1 fxe5 25. exd5 exd5 26. b4 Qxb4 27. Qc2+ Qe4 28. Qc8 {Source: bulletin} 1-0

[Event "Hastings Premier 1985/86 61st"]
[Site "Hastings"]
[Date "1986.01.05"]
[Round "8"]
[White "Mikhalchishin, Adrian"]
[Black "Conquest, Stuart C"]
[Result "1/2-1/2"]
[WhiteElo "2505"]
[BlackElo "2345"]
[PlyCount "55"]
[EventDate "1985.12.28"]
[EventType "tourn"]
[EventRounds "13"]
[EventCountry "ENG"]
[EventCategory "9"]
[SourceTitle "BritBase"]
[Source "John Saunders"]
[SourceDate "2024.12.03"]
[SourceVersion "1"]
[SourceVersionDate "2024.12.03"]
[SourceQuality "1"]

1. Nf3 d5 2. d4 Nf6 3. c4 c6 4. e3 g6 5. Nc3 Bg7 6. Bd3 O-O 7. h3 Nbd7 8. O-O Re8 9. cxd5 cxd5 10. b3 a6 11. a4 e5 12. dxe5 Nxe5 13. Nxe5 Rxe5 14. Ne2 Rg5 15. f4 Rh5 16. Ra2 Qe7 17. Ng3 Rh6 18. Qe1 Ne4 19. Bb2 Bxb2 20. Rxb2 Nc5 21. Bb1 Bd7 22. e4 dxe4 23. Nxe4 Bc6 24. Ng5 Re8 25. Qxe7 Rxe7 26. Rc1 Nd7 27. Kf2 Rh5 28. Rd2 1/2-1/2

[Event "Hastings Premier 1985/86 61st"]
[Site "Hastings"]
[Date "1986.01.05"]
[Round "8"]
[White "Petursson, Margeir"]
[Black "Formanek, Edward W"]
[Result "1-0"]
[WhiteElo "2550"]
[BlackElo "2350"]
[PlyCount "80"]
[EventDate "1985.12.28"]
[EventType "tourn"]
[EventRounds "13"]
[EventCountry "ENG"]
[EventCategory "9"]
[SourceTitle "BritBase"]
[Source "John Saunders"]
[SourceDate "2024.12.03"]
[SourceVersion "1"]
[SourceVersionDate "2024.12.03"]
[SourceQuality "1"]

1. d4 g6 2. c4 Bg7 3. e4 d6 4. Nc3 Nc6 5. Be3 e5 6. d5 Nce7 7. g4 c5 8. h4 h5 9. g5 f5 10. f3 Bd7 11. a3 b6 12. b4 Nc8 13. Rh2 Nge7 14. Rb2 O-O 15. Be2 f4 16. Bd2 Rf7 17. Bd3 Bf8 18. Bc2 Kg7 19. Ba4 Bxa4 20. Qxa4 a6 21. Kf1 Ng8 22. Qb3 Rc7 23. Be1 Qd7 24. Bf2 Be7 25. Kg2 Bd8 26. Nge2 Nge7 27. Rab1 Kg8 28. a4 a5 29. bxc5 bxc5 30. Qb5 Qxb5 31. Rxb5 Kf8 32. Nc1 Rca7 33. Kf1 Ra6 34. Ke2 Ke8 35. Nb3 Bb6 36. Kd3 Na7 37. Nxc5 Bxc5 38. Bxc5 dxc5 39. Rxc5 Nac8 40. Nb5 Kd8 {time} 1-0